V konkurenčnom boji rozhoduje zákazník prezentácia I.D.C. Holding, a.s., na HNc s akcentom na marketingovú stratégiu a postavenie firmy na trhu

Podrobná bibliografia
Hlavný autor: Kassay, Štefan, 1941- (Autor)
Médium: Článok
Jazyk:slovenčina
Fyzický popis:Fotogr., grafy
ISSN:0862-9567
Predmet:

MARC

LEADER 00000nab a2200000 a 4500
001 vtls000660858
003 SK-MaSNL
005 20260302191340.0
008 140228c1998 xo 0 slo
015 |a SNBRB1998/06-16658 
035 |a CLN000013048 
040 |a SNKBUCL  |b slo  |c SNKBUCL  |e AACR2 
041 0 |a slo 
044 |a xo  |c SK 
080 |a 663/664:061.5(437.6)  |2 1997 
100 1 |a Kassay, Štefan,  |d 1941-  |4 aut  |9 88589 
245 1 0 |a V konkurenčnom boji rozhoduje zákazník  |b prezentácia I.D.C. Holding, a.s., na HNc s akcentom na marketingovú stratégiu a postavenie firmy na trhu  |c Štefan Kassay 
300 |b Fotogr., grafy 
610 7 |a I.D.C. Holding (Slovensko)  |2 snkbucl  |9 602062 
655 7 |a články z novín a časopisov  |2 snkbucl  |9 267496 
773 0 |t Hospodárske noviny  |g Roč. 6, č. 119 (24.6.1998), s. 6  |x 0862-9567 
850 |a Slovenská národná knižnica v Martine 
852 |a SNK  |b KIS3GCP 
958 |a SK 
992 |a RBX 
999 |c 1436897  |d 1438827